Monologue de Don Diègue, le Cid de Corneille - Statistiques

Statistiques générales
  • Ce quiz a été pris 416 fois
  • Le résultat moyen est 118 sur 198
Statistiques - réponses
Réponse % Correct
de
95%
Ô
93%
Ô
93%
des
92%
en
92%
la
89%
pour
89%
a
88%
à
88%
Ce
88%
désespoir !
88%
le
88%
que
88%
Que
88%
ennemie !
86%
rage !
86%
Et
85%
et
85%
vieillesse
84%
cet
83%
donc
83%
infamie ?
83%
les
83%
ne
83%
tant
83%
Tant
83%
cette
82%
vécu
81%
Mon
80%
mon
80%
N’ai-je
79%
su
77%
un
77%
qui
75%
qui,
75%
ma
74%
dans
72%
voir
72%
jour
71%
bras,
70%
fois
69%
flétrir
68%
lauriers ?
68%
guerriers
67%
suis-je
66%
travaux
66%
blanchi
64%
son
64%
fait
63%
tout
63%
empire,
62%
l'Espagne
61%
me
61%
moi ?
61%
pas
61%
roi,
61%
sauvé
61%
toute
60%
admire,
59%
rien
58%
trône
54%
qu'avec
53%
respect
53%
Trahit
51%
affermi
50%
querelle,
50%
honneur !
49%
honneur ;
49%
gloire
48%
par
48%
Passe,
48%
cruel
46%
ou
46%
jours
45%
effacée !
43%
passée !
43%
sans
43%
souvenir
43%
comte,
41%
Comte,
41%
d'où
41%
du
41%
Oeuvre
41%
tombe
39%
vivre
39%
bonheur !
38%
mourir
38%
élevé
37%
Précipice
37%
Va,
37%
point
35%
fatale
34%
honte ?
34%
triompher
34%
vengeance,
34%
homme
33%
venger,
33%
gouverneur :
31%
mes
31%
prince
31%
sois
31%
votre
31%
affront
30%
Faut-il
30%
mains.
30%
présent
30%
meilleures
29%
dignité,
28%
haut
28%
rang
28%
ton
28%
Fer,
27%
Nouvelle
27%
Mais
26%
n'admet
26%
servi
26%
éclat
25%
non
25%
parade,
25%
insigne,
24%
craindre,
23%
défense,
23%
rendre
23%
toi,
23%
jadis
22%
m'en
22%
choix
21%
glace
21%
humains,
21%
indigne.
21%
offense,
21%
orgueil,
21%
ornement,
21%
quitte
21%
corps
20%
dernier
20%
instrument,
20%
inutile
20%
Malgré
19%
M'as
19%
désormais
18%
exploits
18%
glorieux
18%
jaloux
18%
d'un
16%
Aucun quiz correspondant
Distribution des résultats
% des personnes avec chaque résultat
Percentile par nombre de réponses
Votre historique - résultats
Vous n’avez pas pris ce quiz